[Event "11. Hogeschool Zeeland Tournament"]
[Site "Vlissingen NED"]
[Date "2007.08.05"]
[Round "3.20"]
[White "Piceu, Tom"]
[Black "Gryson, Wouter"]
[Result "1-0"]
[WhiteElo "2350"]
[BlackElo "2030"]
[PlyCount "61"]
[EventDate "2007.08.04"]
[EventType "swiss"]
[EventRounds "9"]
[EventCountry "NED"]
[Source "lmi"]
[SourceDate "2007.08.04"]

1. d4 Nf6 2. c4 e6 3. g3 Bb4+ 4. Nd2 c5 5. Ngf3 cxd4 6. a3 Be7 7. Nxd4 Nc6 8.
N2f3 Ne4 9. Bg2 Qa5+ 10. Kf1 O-O 11. Be3 Qh5 12. h4 d5 13. Nxc6 bxc6 14. Nd4
Bb7 15. Bf3 Qg6 16. h5 Qf6 17. Bxe4 dxe4 18. Qc2 Bd6 19. Kg2 c5 20. Nb3 Qf5 21.
h6 g6 22. Rad1 Rfd8 23. Rd2 Be7 24. Rhd1 Rxd2 25. Qxd2 Bc6 26. Qa5 e5 27. Nxc5
Rc8 28. Rd2 Ba8 29. Qxa7 Bxc5 30. Qxc5 Bc6 31. Qxc6 1-0

[Event "11. Hogeschool Zeeland Tournament"]
[Site "Vlissingen NED"]
[Date "2007.08.05"]
[Round "3.21"]
[White "Van Dooren, Dirk"]
[Black "Baekelant, Eva"]
[Result "1-0"]
[WhiteElo "2331"]
[BlackElo "1970"]
[PlyCount "119"]
[EventDate "2007.08.04"]
[EventType "swiss"]
[EventRounds "9"]
[EventCountry "NED"]
[Source "lmi"]
[SourceDate "2007.08.04"]

1. f4 d5 2. Nf3 Nf6 3. b3 g6 4. Bb2 Bg7 5. e3 c5 6. Bb5+ Bd7 7. Be2 O-O 8. O-O
Nc6 9. c4 Bg4 10. cxd5 Nxd5 11. Bxg7 Kxg7 12. h3 Bxf3 13. Bxf3 e6 14. a3 Qf6
15. Ra2 Rfd8 16. Qc1 Rac8 17. Bxd5 Rxd5 18. Nc3 Rdd8 19. Ne4 Qf5 20. Qc3+ Kf8
21. Nd6 Rxd6 22. Qh8+ Ke7 23. Qxc8 Rd7 24. Qh8 Qd5 25. Rb2 h5 26. Qc3 b6 27.
Kf2 Na5 28. Rc1 Nb7 29. Qc4 Qf5 30. Qc2 Qd5 31. b4 Nd6 32. d3 Nb7 33. Rb3 Kd8
34. Qc4 Qf5 35. Qc3 Qd5 36. e4 Qd6 37. Qe5 Qc6 38. Ke3 Ke8 39. g4 hxg4 40. hxg4
Qd6 41. Qh8+ Ke7 42. Qh4+ Ke8 43. Qf6 Qd4+ 44. Qxd4 Rxd4 45. Rh1 Rd7 46. Rh8+
Ke7 47. Ra8 Nd6 48. bxc5 bxc5 49. Rc3 Rc7 50. a4 Kd7 51. e5 Nc8 52. a5 Kc6 53.
Rb8 Ne7 54. Rc4 Kd5 55. Rd8+ Kc6 56. d4 Kb5 57. Rxc5+ Rxc5 58. dxc5 Kxc5 59.
Rd7 Nd5+ 60. Kf3 1-0

[Event "11. Hogeschool Zeeland Tournament"]
[Site "Vlissingen NED"]
[Date "2007.08.05"]
[Round "3.22"]
[White "Grochal, Joey"]
[Black "Maenhout, Thibaut"]
[Result "1/2-1/2"]
[WhiteElo "2152"]
[BlackElo "2302"]
[PlyCount "66"]
[EventDate "2007.08.04"]
[EventType "swiss"]
[EventRounds "9"]
[EventCountry "NED"]
[Source "lmi"]
[SourceDate "2007.08.04"]

1. e4 c5 2. Nf3 d6 3. d4 cxd4 4. Nxd4 Nf6 5. Nc3 a6 6. Be3 e5 7. Nb3 Be6 8. f3
Be7 9. Qd2 O-O 10. g4 d5 11. exd5 Nxd5 12. Nxd5 Qxd5 13. O-O-O Rd8 14. Qxd5
Bxd5 15. Be2 Nc6 16. Bb6 Rd7 17. Nc5 Bxc5 18. Bxc5 Nd8 19. Rd2 Bc6 20. Rxd7
Bxd7 21. Bd6 f6 22. Rd1 Be6 23. Bd3 Rc8 24. b3 Kf7 25. h4 Nc6 26. Kb2 g6 27.
Be4 b6 28. Bxc6 Rxc6 29. c4 e4 30. fxe4 Bxg4 31. Rd4 Ke6 32. Bf4 Bf3 33. Kc3 a5
1/2-1/2

[Event "11. Hogeschool Zeeland Tournament"]
[Site "Vlissingen NED"]
[Date "2007.08.05"]
[Round "3.24"]
[White "D`Costa, Lorin A R"]
[Black "Kuijpers, Charles"]
[Result "1/2-1/2"]
[WhiteElo "2384"]
[BlackElo "2087"]
[PlyCount "55"]
[EventDate "2007.08.04"]
[EventType "swiss"]
[EventRounds "9"]
[EventCountry "NED"]
[Source "lmi"]
[SourceDate "2007.08.04"]

1. d4 e6 2. c4 Nf6 3. Nf3 Bb4+ 4. Bd2 c5 5. Bxb4 cxb4 6. a3 bxa3 7. Rxa3 Nc6 8.
Nc3 O-O 9. e3 d6 10. Be2 b6 11. O-O e5 12. h3 Bb7 13. d5 Nb4 14. Ne1 a5 15. Nc2
Rc8 16. Nxb4 axb4 17. Ra7 bxc3 18. Rxb7 cxb2 19. Qb3 Rb8 20. Rxb8 Qxb8 21. Rb1
Qc7 22. Rxb2 Rb8 23. Qb5 g6 24. Qc6 Qd8 25. Ra2 Rc8 26. Qb7 Rb8 27. Qa7 Ne4 28.
Bf1 1/2-1/2

[Event "11. Hogeschool Zeeland Tournament"]
[Site "Vlissingen NED"]
[Date "2007.08.05"]
[Round "3.26"]
[White "Sonder, Peter"]
[Black "Afek, Yochanan"]
[Result "1/2-1/2"]
[WhiteElo "2074"]
[BlackElo "2350"]
[PlyCount "177"]
[EventDate "2007.08.04"]
[EventType "swiss"]
[EventRounds "9"]
[EventCountry "NED"]
[Source "lmi"]
[SourceDate "2007.08.04"]

1. e4 c5 2. d4 cxd4 3. c3 d5 4. exd5 Qxd5 5. cxd4 Nc6 6. Nf3 e5 7. Nc3 Bb4 8.
Be2 exd4 9. O-O Qd8 10. Nb5 Nge7 11. a3 Bc5 12. Bf4 O-O 13. Bc7 Qd7 14. b4 Nd5
15. Bg3 Bb6 16. Bd3 Qg4 17. Nd6 Qh5 18. Re1 Bg4 19. b5 Nc3 20. Qc2 Bxf3 21.
gxf3 Nd8 22. Re5 Qxf3 23. Rf5 Qg4 24. Rf4 Qg5 25. Bxh7+ Kh8 26. Rh4 Bc7 27.
Bf5+ Kg8 28. Bh7+ Kh8 29. Ne4 Bxg3 30. hxg3 Qe5 31. Nxc3 g6 32. Bxg6+ Kg7 33.
Bd3 dxc3 34. Rg4+ Kf6 35. Rf4+ Kg7 36. Re4 Qc5 37. Rae1 Ne6 38. Re5 Qe7 39.
R1e4 Rfc8 40. Qc1 Qf6 41. Rg4+ Kf8 42. Rf5 Qh8 43. Rh4 Qg7 44. Bc4 Rxc4 45.
Rxc4 Nd4 46. Rxd4 Qxd4 47. Qh6+ Qg7 48. Qd6+ Kg8 49. Qc5 b6 50. Qd5 Rc8 51. Rg5
c2 52. Rxg7+ Kxg7 53. Qg5+ Kf8 54. Qc1 Ke7 55. Kg2 Rc5 56. g4 Kd6 57. Kf3 Kd5
58. Ke3 Rc3+ 59. Kd2 Kd4 60. Ke2 Kc4 61. Qf4+ Kd5 62. Qxf7+ Kc5 63. Qf5+ Kc4
64. Qf4+ Kd5 65. Qc1 Kc4 66. Kd2 Kb3 67. g5 Rc8 68. f4 Rd8+ 69. Ke2 Re8+ 70.
Kf3 Rd8 71. Ke2 Re8+ 72. Kf3 Rd8 73. Qe3+ Kb2 74. Qe5+ Kb1 75. Qe4 Rc8 76. g6
Kb2 77. Qe5+ Rc3+ 78. Qxc3+ Kxc3 79. g7 c1=Q 80. g8=Q Qf1+ 81. Ke4 Qe2+ 82. Kf5
Qxb5+ 83. Kg4 Qe2+ 84. Kf5 Qd3+ 85. Kg4 Qe2+ 86. Kf5 Qd3+ 87. Kg4 Qd1+ 88. Kf5
Qd3+ 89. Kg4 1/2-1/2

[Event "11. Hogeschool Zeeland Tournament"]
[Site "Vlissingen NED"]
[Date "2007.08.05"]
[Round "3.28"]
[White "Galle, Andre"]
[Black "Lacrosse, Marc"]
[Result "0-1"]
[WhiteElo "1992"]
[BlackElo "2301"]
[PlyCount "59"]
[EventDate "2007.08.04"]
[EventType "swiss"]
[EventRounds "9"]
[EventCountry "NED"]
[Source "lmi"]
[SourceDate "2007.08.04"]

1. d4 d5 2. c4 e6 3. Nc3 Nf6 4. cxd5 exd5 5. Bg5 c6 6. e3 Nbd7 7. Bd3 Be7 8.
Qc2 O-O 9. Nge2 Re8 10. f3 Nf8 11. O-O Be6 12. Rad1 Rc8 13. Qd2 Ng6 14. Kh1 a6
15. a3 c5 16. Bb1 cxd4 17. exd4 h6 18. Be3 Bd6 19. Nf4 Nxf4 20. Bxf4 Bxf4 21.
Qxf4 Qc7 22. Qd2 Re7 23. Rc1 Qd6 24. Na4 Rce8 25. Rfe1 g6 26. Qxh6 Bd7 27. Rf1
Bxa4 28. f4 Ng4 29. Qg5 Bd7 30. f5 0-1

[Event "11. Hogeschool Zeeland Tournament"]
[Site "Vlissingen NED"]
[Date "2007.08.05"]
[Round "3.29"]
[White "Kuipers, Stefan"]
[Black "Van Loon, Rogier"]
[Result "1/2-1/2"]
[WhiteElo "2245"]
[BlackElo "2075"]
[PlyCount "124"]
[EventDate "2007.08.04"]
[EventType "swiss"]
[EventRounds "9"]
[EventCountry "NED"]
[Source "lmi"]
[SourceDate "2007.08.04"]

1. e4 c6 2. d4 d5 3. Nc3 dxe4 4. Nxe4 Bf5 5. Ng3 Bg6 6. h4 h6 7. Nf3 Nd7 8. h5
Bh7 9. Bd3 Bxd3 10. Qxd3 e6 11. Bf4 Qa5+ 12. Bd2 Qc7 13. O-O-O Ngf6 14. Kb1
O-O-O 15. Ne4 Nxe4 16. Qxe4 Nf6 17. Qe2 c5 18. dxc5 Bxc5 19. Rh4 Qe7 20. Rc4
Kb8 21. Ne5 Ka8 22. Nxf7 Qxf7 23. Rxc5 Nd5 24. g3 Rc8 25. Rxc8+ Rxc8 26. c4
Qf5+ 27. Ka1 Nf6 28. Bc3 Qxh5 29. Qxh5 Nxh5 30. Rh1 Rc5 31. Kb1 Kb8 32. Kc2 Rf5
33. Kd3 Nf6 34. Bxf6 Rxf6 35. Ke3 Kc7 36. Rh5 Kd6 37. b4 Rf7 38. f4 a6 39. Re5
Rf8 40. c5+ Kd7 41. Re4 g5 42. Rd4+ Kc7 43. a4 gxf4+ 44. Rxf4 Rg8 45. g4 Kc6
46. Rd4 Rg5 47. Rd6+ Kc7 48. Rxe6 h5 49. gxh5 Rxh5 50. Kd4 Rh1 51. b5 Ra1 52.
Re7+ Kd8 53. Rxb7 Rxa4+ 54. Kd5 axb5 55. Kc6 Ra6+ 56. Kxb5 Rh6 57. Rb6 Rh1 58.
Rc6 Rb1+ 59. Ka6 Kd7 60. Rb6 Rc1 61. c6+ Rxc6 62. Rxc6 Kxc6 1/2-1/2

[Event "11. Hogeschool Zeeland Tournament"]
[Site "Vlissingen NED"]
[Date "2007.08.05"]
[Round "3.30"]
[White "Goverde, Ruud"]
[Black "Steenbekkers, Franck"]
[Result "1/2-1/2"]
[WhiteElo "1951"]
[BlackElo "2228"]
[PlyCount "81"]
[EventDate "2007.08.04"]
[EventType "swiss"]
[EventRounds "9"]
[EventCountry "NED"]
[Source "lmi"]
[SourceDate "2007.08.04"]

1. e4 e6 2. d4 d5 3. e5 c5 4. c3 Nc6 5. Nf3 Bd7 6. Be2 Nge7 7. a3 Nf5 8. b4
cxd4 9. cxd4 Rc8 10. O-O Be7 11. Be3 O-O 12. Bd3 Nxe3 13. fxe3 f6 14. exf6 Bxf6
15. b5 Na5 16. Nbd2 Qb6 17. Qe2 g6 18. Rac1 Qd6 19. a4 Rxc1 20. Rxc1 Qa3 21.
Rc7 Rf7 22. h3 Qxa4 23. Kh2 Qb4 24. Rc1 Qd6+ 25. Kh1 b6 26. Qd1 Qg3 27. Nf1 Qb8
28. Qc2 Qe8 29. Qb1 Nc4 30. Bxc4 dxc4 31. Rxc4 Bxb5 32. Rc1 Bc6 33. N1d2 Bb7
34. Nc4 Bxf3 35. gxf3 Rc7 36. Nd6 Qd7 37. Ne4 Rxc1+ 38. Qxc1 Be7 39. Qc4 h6 40.
Qc2 Kh7 41. Kg2 1/2-1/2

[Event "11. Hogeschool Zeeland Tournament"]
[Site "Vlissingen NED"]
[Date "2007.08.05"]
[Round "3.32"]
[White "Haak, Eelco"]
[Black "Westerweele, Henrik"]
[Result "1/2-1/2"]
[WhiteElo "2182"]
[BlackElo "2018"]
[PlyCount "34"]
[EventDate "2007.08.04"]
[EventType "swiss"]
[EventRounds "9"]
[EventCountry "NED"]
[Source "lmi"]
[SourceDate "2007.08.04"]

1. d4 Nf6 2. Nf3 e6 3. c4 c5 4. Nc3 d5 5. cxd5 exd5 6. g3 Nc6 7. Bg2 Be6 8. O-O
Be7 9. b3 O-O 10. Bb2 Rc8 11. Rc1 b6 12. dxc5 Bxc5 13. Na4 Be7 14. Nd4 Nxd4 15.
Qxd4 Qd7 16. Rfd1 Rxc1 17. Rxc1 Rc8 1/2-1/2

[Event "11. Hogeschool Zeeland Tournament"]
[Site "Vlissingen NED"]
[Date "2007.08.05"]
[Round "3.33"]
[White "Kossen, Johannes"]
[Black "Cupido, Alexander"]
[Result "1/2-1/2"]
[WhiteElo "1985"]
[BlackElo "2145"]
[PlyCount "69"]
[EventDate "2007.08.04"]
[EventType "swiss"]
[EventRounds "9"]
[EventCountry "NED"]
[Source "lmi"]
[SourceDate "2007.08.04"]

1. c4 Nf6 2. Nc3 e6 3. e4 d6 4. d4 Be7 5. f4 c5 6. d5 exd5 7. cxd5 O-O 8. Nf3
Bg4 9. Be2 a6 10. a4 Nbd7 11. O-O Bxf3 12. Bxf3 c4 13. Be3 Qc7 14. Qe2 Ne8 15.
Bd4 Bf6 16. Rfd1 Rc8 17. a5 Bxd4+ 18. Rxd4 b5 19. axb6 Qxb6 20. Qf2 Rb8 21. Na4
Qb4 22. Bd1 Nc5 23. Nxc5 dxc5 24. Ra4 Qxb2 25. Rdxc4 Qb1 26. Qf1 Nd6 27. Rxc5
Nxe4 28. Rc6 Rb2 29. Bc2 Qxf1+ 30. Kxf1 Nf6 31. d6 Rd8 32. Rd4 Kf8 33. Ba4 a5
34. Ra6 Rb4 35. Rxb4 1/2-1/2

[Event "11. Hogeschool Zeeland Tournament"]
[Site "Vlissingen NED"]
[Date "2007.08.05"]
[Round "3.35"]
[White "Van Loon, Eric"]
[Black "Visser, Anton"]
[Result "1/2-1/2"]
[WhiteElo "2117"]
[BlackElo "1990"]
[PlyCount "48"]
[EventDate "2007.08.04"]
[EventType "swiss"]
[EventRounds "9"]
[EventCountry "NED"]
[Source "lmi"]
[SourceDate "2007.08.04"]

1. e4 d6 2. d4 Nf6 3. Nc3 g6 4. g3 Bg7 5. Bg2 O-O 6. Nge2 c6 7. O-O e5 8. Kh1
Re8 9. f3 h6 10. Be3 Nbd7 11. Qd2 h5 12. Rad1 Nh7 13. dxe5 dxe5 14. Bh3 Qc7 15.
Bg2 Nb6 16. b3 Be6 17. Nc1 Rad8 18. Qf2 Nc8 19. Nd3 b6 20. a4 Qb7 21. Rd2 f5
22. Ne2 fxe4 23. fxe4 Rf8 24. Qe1 Rxf1+ 1/2-1/2

[Event "11. Hogeschool Zeeland Tournament"]
[Site "Vlissingen NED"]
[Date "2007.08.05"]
[Round "3.36"]
[White "Van Dort, Lars"]
[Black "Westerweele, Maarten"]
[Result "0-1"]
[WhiteElo "2109"]
[BlackElo "1940"]
[PlyCount "100"]
[EventDate "2007.08.04"]
[EventType "swiss"]
[EventRounds "9"]
[EventCountry "NED"]
[Source "lmi"]
[SourceDate "2007.08.04"]

1. d4 Nf6 2. Nf3 g6 3. g3 Bg7 4. Bg2 O-O 5. O-O d5 6. c4 c6 7. cxd5 cxd5 8. Ne5
Nc6 9. Nxc6 bxc6 10. Nc3 Bf5 11. Na4 Nd7 12. b3 Re8 13. Ba3 e5 14. Rc1 Rc8 15.
e3 exd4 16. exd4 Qf6 17. Bb2 Bh6 18. f4 Qd6 19. Qd2 Bg7 20. Bf3 Be4 21. Bg4 f5
22. Be2 Bf8 23. Nc5 Qc7 24. Ba6 Rb8 25. Ba3 Nxc5 26. Bxc5 Bxc5 27. Rxc5 Qb6 28.
Be2 Re6 29. Kf2 Qb4 30. Qb2 a5 31. Rfc1 Rb6 32. Bd1 Bd3 33. Bf3 Be4 34. Qc3
Qxc3 35. R1xc3 Rb4 36. Rxa5 Rxd4 37. Ra8+ Kg7 38. Ra7+ Kh6 39. Bxe4 Rexe4 40.
h4 Rd2+ 41. Kf1 Rb2 42. Rxc6 Ree2 43. Rc3 d4 44. Rf3 Rec2 45. Re7 Rxa2 46. Rd3
Rh2 47. Kg1 Rhb2 48. Kf1 Ra1+ 49. Re1 Rxe1+ 50. Kxe1 Kh5 0-1

[Event "11. Hogeschool Zeeland Tournament"]
[Site "Vlissingen NED"]
[Date "2007.08.05"]
[Round "3.37"]
[White "Piasetski, Leon"]
[Black "Densing, Gerd"]
[Result "1-0"]
[WhiteElo "2307"]
[BlackElo "1885"]
[PlyCount "75"]
[EventDate "2007.08.04"]
[EventType "swiss"]
[EventRounds "9"]
[EventCountry "NED"]
[Source "lmi"]
[SourceDate "2007.08.04"]

1. c4 e5 2. Nc3 Nf6 3. g3 c6 4. Nf3 Bb4 5. Nxe5 d6 6. Nf3 Bxc3 7. dxc3 O-O 8.
Bg5 h6 9. Bxf6 Qxf6 10. Qd4 Qe7 11. O-O-O Rd8 12. Bg2 Na6 13. e4 Bg4 14. h3
Bxf3 15. Bxf3 Qe5 16. Bg2 Qa5 17. Kb1 f6 18. Rd2 Qb6 19. Qxb6 axb6 20. Rhd1 Kf7
21. Rxd6 Rxd6 22. Rxd6 Ke7 23. Rd2 Nc5 24. h4 g5 25. hxg5 hxg5 26. Bh3 Rd8 27.
Re2 Nd3 28. Bf5 Kd6 29. b3 Kc7 30. Kc2 Ne5 31. Rd2 Rxd2+ 32. Kxd2 b5 33. cxb5
cxb5 34. f4 gxf4 35. gxf4 Nf3+ 36. Ke3 Ne1 37. e5 fxe5 38. Be4 1-0

[Event "11. Hogeschool Zeeland Tournament"]
[Site "Vlissingen NED"]
[Date "2007.08.05"]
[Round "3.40"]
[White "Kuijpers, Jos"]
[Black "Verduyn, Frederic"]
[Result "1/2-1/2"]
[WhiteElo "1927"]
[BlackElo "2210"]
[PlyCount "73"]
[EventDate "2007.08.04"]
[EventType "swiss"]
[EventRounds "9"]
[EventCountry "NED"]
[Source "lmi"]
[SourceDate "2007.08.04"]

1. b3 e5 2. Bb2 d6 3. e3 Nf6 4. g3 Be7 5. Bg2 O-O 6. Ne2 c6 7. f4 Qc7 8. O-O a5
9. a4 Nbd7 10. fxe5 dxe5 11. Nbc3 Re8 12. Nc1 Bb4 13. Nd3 e4 14. Nf2 Bxc3 15.
Bxc3 b6 16. Ng4 Nd5 17. Bb2 Nc5 18. Bh3 h5 19. Nf2 g6 20. Bxc8 Qxc8 21. Kg2 f5
22. Nh3 Ne6 23. Qe2 Qd7 24. Rf2 Rad8 25. Nf4 Nexf4+ 26. gxf4 Qf7 27. Rg1 g5 28.
Kf1 g4 29. h3 Re6 30. hxg4 fxg4 31. Rh2 Nf6 32. Rgh1 Rd5 33. Rh4 b5 34. c4 bxc4
35. bxc4 Rf5 36. Ke1 Rd6 37. Be5 1/2-1/2

[Event "11. Hogeschool Zeeland Tournament"]
[Site "Vlissingen NED"]
[Date "2007.08.05"]
[Round "3.44"]
[White "Niesert, Loet"]
[Black "Dhar-Barua, Saheli"]
[Result "1/2-1/2"]
[WhiteElo "1895"]
[BlackElo "2142"]
[PlyCount "73"]
[EventDate "2007.08.04"]
[EventType "swiss"]
[EventRounds "9"]
[EventCountry "NED"]
[Source "lmi"]
[SourceDate "2007.08.04"]

1. e4 e6 2. d4 d5 3. exd5 exd5 4. Bd3 Bd6 5. Nf3 Bg4 6. O-O c6 7. c3 h6 8. h3
Bh5 9. Be3 Qf6 10. Nbd2 Ne7 11. Qc2 Nd7 12. a4 b6 13. c4 O-O 14. Rfe1 Bb4 15.
Ne5 Nxe5 16. dxe5 Qe6 17. f4 Bg6 18. Rf1 Bxd3 19. Qxd3 Qf5 20. Qb3 a5 21. Rad1
Rfd8 22. Bxb6 Rdb8 23. Qe3 Qc2 24. Bc5 Nf5 25. Qf2 Ng3 26. Qxg3 Bxc5+ 27. Kh1
Rxb2 28. cxd5 cxd5 29. Rc1 Qxd2 30. Rxc5 Re8 31. Rc6 Kh8 32. Rc7 Kg8 33. Rc6
Re6 34. Rxe6 fxe6 35. Qg6 Kh8 36. f5 Qc2 37. Qe8+ 1/2-1/2

[Event "11. Hogeschool Zeeland Tournament"]
[Site "Vlissingen NED"]
[Date "2007.08.06"]
[Round "4.3"]
[White "Zaragatski, Ilja"]
[Black "Tiviakov, Sergei"]
[Result "1-0"]
[WhiteElo "2480"]
[BlackElo "2648"]
[PlyCount "121"]
[EventDate "2007.08.04"]
[EventType "swiss"]
[EventRounds "9"]
[EventCountry "NED"]
[Source "lmi"]
[SourceDate "2007.08.04"]

1. e4 c5 2. Nf3 Nc6 3. d4 cxd4 4. Nxd4 g6 5. Nb3 Nf6 6. Nc3 Bg7 7. Be2 d6 8.
O-O O-O 9. Re1 Be6 10. Bg5 Nd7 11. Rb1 a6 12. Nd5 b5 13. c3 Re8 14. Kh1 Qb8 15.
f4 a5 16. Bf3 Ra7 17. Bh4 a4 18. Nc1 Nc5 19. a3 Na5 20. Na2 Bxd5 21. exd5 Bh6
22. g3 Na6 23. Nc1 Nc4 24. Nd3 Bg7 25. Re2 Bf6 26. Qg1 Rc7 27. Rbe1 Rf8 28. Qf2
Qd8 29. Qg2 Bxh4 30. gxh4 Nc5 31. Nxc5 dxc5 32. f5 Qd6 33. h5 Qf4 34. fxg6 fxg6
35. Bg4 Rf6 36. Re4 Qf2 37. h6 Qxg2+ 38. Kxg2 Kf8 39. Re6 Nd6 40. Rxf6+ exf6
41. Re6 Ne8 42. Rb6 Ke7 43. Rxb5 Nd6 44. Rb6 c4 45. Kf2 f5 46. Bf3 Rb7 47.
Rxb7+ Nxb7 48. Ke3 g5 49. Kd4 Kd6 50. h3 Nc5 51. Kxc4 f4 52. Bd1 Ne4 53. Kd4
Nf2 54. Bxa4 Nxh3 55. c4 g4 56. c5+ Ke7 57. d6+ Kf6 58. c6 g3 59. d7 g2 60.
d8=Q+ Kf5 61. Qd5+ 1-0

[Event "11. Hogeschool Zeeland Tournament"]
[Site "Vlissingen NED"]
[Date "2007.08.06"]
[Round "4.4"]
[White "Stellwagen, Daniel"]
[Black "Sengupta, Deep"]
[Result "1-0"]
[WhiteElo "2631"]
[BlackElo "2435"]
[PlyCount "71"]
[EventDate "2007.08.04"]
[EventType "swiss"]
[EventRounds "9"]
[EventCountry "NED"]
[Source "lmi"]
[SourceDate "2007.08.04"]

1. e4 e6 2. d4 d5 3. Nc3 Bb4 4. e5 c5 5. a3 Bxc3+ 6. bxc3 Qa5 7. Bd2 Qa4 8. Qb1
c4 9. Ne2 Nc6 10. Nf4 Bd7 11. g3 O-O-O 12. Bh3 Nge7 13. Nh5 Rhg8 14. O-O Rdf8
15. Qb2 Kb8 16. Rab1 b6 17. Rbe1 Nc8 18. f4 N8e7 19. Kh1 Kc7 20. g4 Nd8 21. Qc1
Qc6 22. f5 exf5 23. Bg5 fxg4 24. Bxe7 gxh3 25. Bxf8 Rxf8 26. Nxg7 Rg8 27. Rf6
Rxg7 28. Rxc6+ Nxc6 29. Qh6 Rg2 30. Qd6+ Kc8 31. Rg1 Rxc2 32. Rg8+ Nd8 33. Kg1
Rg2+ 34. Rxg2 hxg2 35. Qxd5 b5 36. Qa8+ 1-0

[Event "11. Hogeschool Zeeland Tournament"]
[Site "Vlissingen NED"]
[Date "2007.08.06"]
[Round "4.5"]
[White "Delemarre, Jop"]
[Black "Flores, Diego"]
[Result "1-0"]
[WhiteElo "2457"]
[BlackElo "2560"]
[PlyCount "135"]
[EventDate "2007.08.04"]
[EventType "swiss"]
[EventRounds "9"]
[EventCountry "NED"]
[Source "lmi"]
[SourceDate "2007.08.04"]

1. d4 d6 2. e4 Nf6 3. Nc3 g6 4. Be3 c6 5. a4 Bg7 6. h3 O-O 7. Nf3 Nbd7 8. a5
Rb8 9. Bd3 b5 10. axb6 axb6 11. O-O b5 12. Re1 b4 13. Ne2 c5 14. c3 c4 15. Bb1
b3 16. Nd2 Qc7 17. d5 Nb6 18. Nd4 Bd7 19. Qe2 Ra8 20. Rxa8 Rxa8 21. N4f3 Bb5
22. Nxb3 cxb3 23. Qxb5 Nc4 24. Bc1 Rb8 25. Qa4 Nd7 26. Nd4 Na5 27. Nc6 Nxc6 28.
dxc6 Nc5 29. Qc4 Qxc6 30. Be3 Qa4 31. Bd3 Qxc4 32. Bxc4 Bxc3 33. bxc3 b2 34.
Ba2 Nxe4 35. Ba7 Rb7 36. Rxe4 Rxa7 37. Bb1 Ra1 38. Re1 e6 39. Kf1 Ra3 40. Re2
Rxc3 41. Rxb2 d5 42. Ke2 Kg7 43. Rb7 Ra3 44. g3 Rc3 45. Bd3 Ra3 46. h4 h5 47.
f4 Kf6 48. Ke3 Rc3 49. Kd4 Ra3 50. Bb5 Rb3 51. Bc6 Rxg3 52. Be8 Kf5 53. Rxf7+
Kg4 54. Bd7 Kxh4 55. Bxe6 g5 56. f5 g4 57. Bxd5 Rg1 58. Rg7 g3 59. f6 Rf1 60.
f7 Kh3 61. Ke3 Rf6 62. Rg8 h4 63. f8=Q Rxf8 64. Rxf8 Kh2 65. Rg8 h3 66. Ke2 g2
67. Bxg2 hxg2 68. Kf2 1-0

[Event "11. Hogeschool Zeeland Tournament"]
[Site "Vlissingen NED"]
[Date "2007.08.06"]
[Round "4.6"]
[White "Ikonnikov, Vyacheslav"]
[Black "Van Haastert, Edwin"]
[Result "1/2-1/2"]
[WhiteElo "2558"]
[BlackElo "2408"]
[PlyCount "115"]
[EventDate "2007.08.04"]
[EventType "swiss"]
[EventRounds "9"]
[EventCountry "NED"]
[Source "lmi"]
[SourceDate "2007.08.04"]

1. Nf3 c5 2. c4 Nc6 3. d4 cxd4 4. Nxd4 Qb6 5. Nb3 e6 6. Nc3 Nf6 7. Bg5 Be7 8.
e3 O-O 9. Be2 Rd8 10. O-O d5 11. Bxf6 Bxf6 12. cxd5 Bxc3 13. bxc3 Rxd5 14. Qc2
Rd8 15. c4 Bd7 16. Qe4 Qc7 17. Bd3 f5 18. Qh4 e5 19. Rad1 Rf8 20. Nc5 Rad8 21.
Nxd7 Rxd7 22. c5 e4 23. Bc4+ Kh8 24. Rxd7 Qxd7 25. Qf4 Qe7 26. Qd6 Qxd6 27.
cxd6 Rd8 28. Rd1 g6 29. f3 exf3 30. gxf3 Ne5 31. Be2 Nf7 32. d7 Kg7 33. f4 Kf6
34. Bf3 Ke7 35. Bxb7 Rxd7 36. Rxd7+ Kxd7 37. Bd5 Nd6 38. Kf2 h6 39. h4 Ke7 40.
Bc6 Kf6 41. Kf3 g5 42. h5 Ke6 43. Ke2 gxf4 44. exf4 Ne4 45. Bxe4 fxe4 46. Kf2
Kd6 47. a4 Ke6 48. a5 Kf5 49. a6 Kxf4 50. Ke2 Kg5 51. Ke3 Kxh5 52. Kxe4 Kg4 53.
Kd5 h5 54. Kc6 h4 55. Kb7 h3 56. Kxa7 h2 57. Kb8 h1=Q 58. a7 1/2-1/2

[Event "11. Hogeschool Zeeland Tournament"]
[Site "Vlissingen NED"]
[Date "2007.08.06"]
[Round "4.8"]
[White "Peralta, Fernando"]
[Black "Grooten, Herman"]
[Result "1-0"]
[WhiteElo "2546"]
[BlackElo "2370"]
[PlyCount "53"]
[EventDate "2007.08.04"]
[EventType "swiss"]
[EventRounds "9"]
[EventCountry "NED"]
[Source "lmi"]
[SourceDate "2007.08.04"]

1. d4 Nf6 2. c4 e6 3. Nc3 Bb4 4. e3 c5 5. Nge2 cxd4 6. exd4 O-O 7. a3 Be7 8. d5
exd5 9. cxd5 Bc5 10. b4 Bd6 11. Ng3 Re8+ 12. Be2 Be5 13. Bb2 a5 14. b5 d6 15.
O-O Nbd7 16. f4 Bxc3 17. Bxc3 a4 18. Rb1 Nb6 19. Bf3 Bd7 20. Qd4 Qc7 21. Rfc1
Rec8 22. Bb2 Qd8 23. Ne4 Ne8 24. Nxd6 Rxc1+ 25. Rxc1 Qf6 26. Nxb7 Bxb5 27. Qb4
1-0

[Event "11. Hogeschool Zeeland Tournament"]
[Site "Vlissingen NED"]
[Date "2007.08.06"]
[Round "4.9"]
[White "Schuurman, Petra"]
[Black "Romanishin, Oleg M"]
[Result "1/2-1/2"]
[WhiteElo "2290"]
[BlackElo "2546"]
[PlyCount "90"]
[EventDate "2007.08.04"]
[EventType "swiss"]
[EventRounds "9"]
[EventCountry "NED"]
[Source "lmi"]
[SourceDate "2007.08.04"]

1. d4 d5 2. c4 dxc4 3. Nf3 Nf6 4. e3 Bg4 5. Bxc4 e6 6. Nc3 a6 7. O-O c5 8. dxc5
Qxd1 9. Rxd1 Bxc5 10. a3 Nbd7 11. b4 Ba7 12. Bb2 Ke7 13. Be2 Rhd8 14. h3 Bh5
15. Rac1 h6 16. g4 Bg6 17. Nh4 Bh7 18. Bf3 g5 19. Ng2 Rab8 20. Ne2 Be4 21. Ne1
Bxf3 22. Nxf3 Rbc8 23. Kf1 Ne4 24. a4 Bb8 25. Nc3 Nd6 26. Nd2 Nc4 27. Nxc4 Rxc4
28. Ne2 Rxc1 29. Rxc1 Bd6 30. b5 axb5 31. axb5 Ra8 32. Bc3 Nb6 33. Bd4 Nd5 34.
Nc3 Nxc3 35. Rxc3 e5 36. Bc5 Ra1+ 37. Kg2 Rb1 38. Bxd6+ Kxd6 39. Rc8 Rxb5 40.
Rh8 f6 41. Rxh6 Ke7 42. Rh7+ Ke6 43. h4 gxh4 44. Rxh4 Rd5 45. Rh6 Rd6 1/2-1/2

[Event "11. Hogeschool Zeeland Tournament"]
[Site "Vlissingen NED"]
[Date "2007.08.06"]
[Round "4.10"]
[White "Appel, Ralf"]
[Black "Piceu, Tom"]
[Result "1-0"]
[WhiteElo "2512"]
[BlackElo "2350"]
[PlyCount "123"]
[EventDate "2007.08.04"]
[EventType "swiss"]
[EventRounds "9"]
[EventCountry "NED"]
[Source "lmi"]
[SourceDate "2007.08.04"]

1. Nf3 Nf6 2. g3 g6 3. Bg2 Bg7 4. O-O O-O 5. d4 d6 6. Nc3 c5 7. e4 Bg4 8. Be3
cxd4 9. Qxd4 Nc6 10. Qd2 Qd7 11. Bh6 Bxh6 12. Qxh6 Bxf3 13. Bxf3 Nd4 14. Bd1
Nb5 15. Nd5 Nxd5 16. exd5 Rac8 17. Re1 Qf5 18. c3 Rfe8 19. Qh4 Qxd5 20. Rxe7 g5
21. Rxe8+ Rxe8 22. Bb3 gxh4 23. Bxd5 Nc7 24. Bf3 hxg3 25. hxg3 b6 26. Rd1 Re6
27. Kf1 Kf8 28. Rd4 Ke7 29. Rc4 Kd8 30. Rh4 h6 31. Bh5 Rf6 32. Rg4 Ne6 33. Rg8+
Kc7 34. Ra8 Kb7 35. Re8 Nc5 36. Re7+ Kc6 37. Bxf7 Nd3 38. Be8+ Kc5 39. Re2 b5
40. Rd2 Ne5 41. Rd4 a5 42. Bh5 b4 43. Be2 d5 44. Rh4 bxc3 45. bxc3 Rb6 46. a4
Rb3 47. Rxh6 Rxc3 48. Re6 Nc4 49. g4 d4 50. Bxc4 Kxc4 51. Rd6 Kd3 52. Kg2 Rc5
53. Kf3 Rc7 54. g5 Rf7+ 55. Rf6 Rg7 56. g6 Kd2 57. Ke4 d3 58. f4 Re7+ 59. Kf5
Ke3 60. Rd6 Re4 61. Kg5 Rd4 62. Rxd4 1-0